East of the sun and West of the moon. (Record no. 110002)
[ view plain ]
| 000 -LEADER | |
|---|---|
| fixed length control field | 00421nam a2200157 a 4500 |
| 001 - CONTROL NUMBER | |
| control field | 2705 |
| 005 - DATE AND TIME OF LATEST TRANSACTION | |
| control field | 20140414131847.0 |
| 008 - FIXED-LENGTH DATA ELEMENTS--GENERAL INFORMATION | |
| fixed length control field | 050924s19uu xx 00 eng d |
| 020 ## - INTERNATIONAL STANDARD BOOK NUMBER | |
| International Standard Book Number | 0-15-224703-3 |
| 050 ## - LIBRARY OF CONGRESS CALL NUMBER | |
| Classification number | M 398.2 |
| Item number | H25 1980 |
| 100 ## - MAIN ENTRY--PERSONAL NAME | |
| Personal name | Kathleen & Michael Hague |
| 245 ## - TITLE STATEMENT | |
| Title | East of the sun and West of the moon. |
| 260 ## - PUBLICATION, DISTRIBUTION, ETC. (IMPRINT) | |
| Name of publisher, distributor, etc | Harcourt Brace Jovanovich. |
| Place of publication, distribution, etc | San Diego : |
| 300 ## - PHYSICAL DESCRIPTION | |
| Extent | 34 p. ; cm. |
| Withdrawn status | Lost status | Damaged status | Home library | Current library | Shelving location | Date acquired | Source of acquisition | Total Checkouts | Full call number | Barcode | Date last seen | Price effective from | Koha item type |
|---|---|---|---|---|---|---|---|---|---|---|---|---|---|
| Munich Library | Munich Library | Main Section | 09/24/2005 | M 398.2 H25 1980 | M0241 | 04/14/2014 | 04/14/2014 | Books |